| 000 | 00865nam2a2200253 4500 | ||
|---|---|---|---|
| 001 | RU\NLR\bibl\888560 | ||
| 005 | 20250614171522.0 | ||
| 010 |
_a5-94789-122-0 _91000 |
||
| 021 |
_aRU _b2005-61906 _93038 |
||
| 035 | _a(NLR Aleph) 000877079 | ||
| 090 |
_a1635525 _c1635525 |
||
| 100 | _a20051215d2005 |||y0rusy50 ca | ||
| 101 | 0 | _arus | |
| 102 | _aRU | ||
| 105 | _ay ||||||||| | ||
| 200 | 0 | _aЧ. 2 | |
| 210 |
_d2005 _aБ. м. |
||
| 215 | _a190 с. | ||
| 461 | 0 |
_1001RU\NLR\bibl\908007 _12001#$aНачала физиологии$vЧ. 2 _91750118 _aКромин, А. А. _cТверь _d2005 _fА. А. Кромин _nТриада _oучебное пособие для студентов факультета ВСО _tНачала физиологии _vЧ. 2 |
|
| 801 | 0 |
_aRU _bNLR _c20051215 _grcr |
|
| 801 | 1 |
_aRU _bNLR _c20051215 |
|
| 942 | _cBOOK | ||
| 980 | _aNB | ||